000 00693nam a2200241 a 4500
001 14172
003 BD-JhCC
005 20250208115033.0
008 250208b2017 e a|||| ||a| 001 0 eng d
020 _a 9780241298190
035 _a(BD-JhCC)14172
040 _aBD-JhCC
_dBD-JhCC
041 _aenglish
082 _a158.1
_bSUN 2023
100 _aSunim,Haemin
245 _aThe things you can see only when you slow down /
_cHaemin Sunim , Chi-Young Kim
260 _a London:
_bPenguin Life;
_c 2017.
300 _a154 p. :
_bill;
_c20 cm.
651 _aApplied Psychology & Personal Growth.
_zSelf-help and meditation
700 _a Kim,Chi-Young
942 _2ddc
_cBK
999 _c14172
_d14172